Quizzes
Events
Quiz Creation
Community
Videos
Private Events
Remove Ads
Sign In
Join for FREE
Feedback
Dark Mode
Quiz Categories
Sports
Geography
Music
Movies
Television
Just For Fun
Miscellaneous
History
Literature
Language
Science
Gaming
Entertainment
Religion
Holiday
For Kids
Quiz Lab
Recent
Popular Today
Quiz Kudos Today
Editor Picks
Curator Picks
Quizzes by...
Day
Popularity
Type
Ratings
Length
Year
Community
Subscriptions
Recent Discussions
Orange Saloon
Badges
Playlists
Quests
Create
Leaderboards
Showdown
Live 5
Trivia Bingo
Activity
Puzzle Library
Sporcle Events
Private Events
Virtual Trivia
Globe League
Become a Host
Pub Owners
SporcleCon
Opinionation
Our Games
Videos
Blog
Mobile Apps
Partnerships
Remove Ads and Go Orange
Feedback
Music
Pop Music
The Beatles
Song
Album
Lyrics
Bands
Singers
Artist
Clip
Rock
Rap
Classical
Billboard
Country Music
Kpop
Taylor Swift
Music
Pop Music
The Beatles
Song
Album
Lyrics
Bands
Singers
Artist
Clip
Rock
Rap
Classical
Billboard
Country Music
Kpop
Taylor Swift
Random Quiz
Search Sporcle
×
Quiz Lab
Quiz Lab
Music
Song
Type in answers that appear in a list
Type in answers that appear in a list
Classic
Best Score? Go Orange.
Name The Song From The Lyrics #8 Stats
Can you name the Name The Song From The Lyrics #8?
By
kateriroseee
5m
20 Questions
13 Plays
13 Plays
13 Plays
Comments
Comments
Give Quiz Kudos
Give Quiz Kudos
-
- Ratings
hide this ad
Random Order
Randomize order of answers
Randomize order of answers
Replay
Link that replays current quiz
Next Quiz
Link to next quiz in quiz playlist
You Got
0%
They Got
Avg Score
43%
Avg Friend Score
Upgrade to see
Score Distribution
Jump to the score distribution portion of the page
Score
0/20
Timer
05:00
0
Plays Today
Lyrics
Song
% Correct
Clock strikes upon the hour, and the sun begins to fade
I Wanna Dance With Somebody
69.2%
I'll spread my wings and I'll learn how to fly
Breakaway
61.5%
Hush just stop, there's nothing you can do I say
Stronger
61.5%
Shoot me down, but I won't fall
Titanium
61.5%
I was working as a waitress in a cocktail bar, that much is true
Don't You Want Me
53.8%
Open your mouth, give you a taste... Holla!
Get Ur Freak On
53.8%
I don't care what they think, I don't care what they say
Come To My Window
53.8%
You got your hands up, you're rocking in my truck
I Don't Want This Night To End
53.8%
I still go to Taco Bell, drive thru raw as hell
Glamorous
46.2%
I love to love you baby
Naughty Girl
46.2%
Lyrics
Song
% Correct
I know a girl, she puts the colors inside of my world
Daughters
46.2%
Tonight your memory burns like a fire
Come Wake Me Up
46.2%
Some people live for the fortune, some people live just for the fame
If I Ain't Got You
46.2%
Take this pink ribbon off my eyes
Just A Girl
46.2%
I wanna wake up where you are
Slide
38.5%
So sick of the hobos always begging for change
Hate My Life
15.4%
I bust the windows out your car, and though it didn't mend my broken heart
Bust Your Windows
15.4%
Was it you who spoke the words that, things would happen but not to me?
You And I Both
15.4%
They call you lady luck, but there is room for doubt
Luck Be A Lady
15.4%
I let the right ones out, and let the wrong ones in
Amazing
15.4%
Quiz Playlist
Details
Report
Send in Message
Add To Playlist
Classic:
Type in answers that appear in a list
Random Order:
Randomize order of answers
Last Updated: Feb 16, 2017
Quiz Scoreboard
CHALLENGE
Sign Up to Join the Scoreboard
Show All
Scores
Hide
Comments
May contain spoilers
Recently Published
NBA Finals Game Top Scorers (2010s)
by flibbidy
Sports
5m
Guess the 'R' Things in 3 Words
by MSUKent
Miscellaneous
3m
Actor to Badly Drawn Movie III
by MoMosMoProblems
Movies
5m
More to Explore
Quiz From the Vault
Featured Blog Post
Where Does Lost Luggage Go?
hide this ad
You Might Also Like...
Tags
Artist Quiz
Song Quiz
Today's Top Quizzes in Music
Browse Music
hide this ad
Today's Top Quizzes in Song
Browse Song
Top Contributed Quizzes in Music
1
Taylor Swift All Songs (2024)
2
Image Sorting: Rock Albums II
3
Image Sorting: Rock Albums III
4
Image Sorting: Rock Albums IV
5
Image Sorting: Rock Albums V
6
Image Sorting: Rock Albums VI
7
Taylor Swift Logic Puzzle
8
Adjectives in 80s Songs
9
Image Sorting: Album Titles
10
Nickname Match: Musicians
Explore More
Trending Topics
Disney
Kpop
Crossword
NBA
Anime
Marvel
Harry Potter
Song
NFL
Puzzle
Pokémon
The Office
WWE
Soccer
Country
hide this ad
More By:
kateriroseee
Quiz
Plays
Rating
Category
Featured
Created
Finish The Line: The Golden Girls Edition
327
3.33
Television
Nov 26, 2012
Name The Song From The Lyrics #5
66
5.00
Music
Jun 25, 2012
Name The Song From The Lyrics #4
34
4.00
Music
Jun 8, 2012
Name The Song From The Lyrics
31
1.25
Music
Jun 2, 2012
Name The Aerosmith Members
31
3.50
Music
Jun 2, 2012
Go to Creator's Profile
Score Distribution
Quiz Creator Spotlight
kateriroseee
Follow
Send a Message
Quizzes Created
-
Created Quiz Play Count
-
More By This Creator
Popular Quizzes Today
1
Find the US States - No Outlines Minefield
2
Find the US States
3
The Countries of the World
4
10 Largest US States in Order
5
Find the Countries of Europe - No Outlines Minefield
6
US States
7
Guess the 'R' Things in 3 Words
8
NBA Finals Game Top Scorers (2010s)
More Music Quizzes
Billboard #1 Hits Imagery II
Published
Trending Quizzes
First Name TV: Leading Men
Match the Book to the Film II
3-Word Movies in 1 Word II
First Name TV: Leading Women Drama
Match the Book to the Film VI
Recently Updated
Women's Final Four Teams by Year
bhenderson79
Presidents Quartet II
eogle
Anything But Clue(do)
eogle
Anything But Oceanian Capitals
eogle
Anything But 7
eogle
Anything But Thing
eogle
Word Ladder: February 29
pecheneg
Song Title Questions
pecheneg
Women's NCAA Tournament #1 Seeds
pecheneg
Celebrity Mug Shots
pecheneg
Trending Topics
Crossword
Harry Potter
NBA
Disney
Marvel
Anime
Kpop
Country
NFL
WWE
Pokémon
Soccer
Puzzle
Song
The Office
Your Account Isn't Verified!
In order to create a playlist on Sporcle, you need to verify the email address you used during registration. Go to your
Sporcle Settings
to finish the process.
Report this User
Report this user for behavior that violates our
Community Guidelines
.
Details:
Send Report
Go to the Sporcle.com Mobile Site →
Comments